| 000 | 01531nam0a22003491 4500 | ||
|---|---|---|---|
| 001 | RU\NLR\INFOCOMM_161\5000052101 | ||
| 005 | 20250613092143.0 | ||
| 010 | _a5-87684-042-4 | ||
| 035 | _a(NLR Aleph) 009143579 | ||
| 090 |
_a8350908 _c8350908 |
||
| 100 | _a20091029d1993 |||y0rusy50 ca | ||
| 101 | 1 |
_aeng _crus |
|
| 102 | _aRU | ||
| 105 | _ay ||||000|y | ||
| 200 | 1 |
_aProblems of environmental monitoring in the gas industry _dПроблемы экологического мониторинга в газовой промышленности _fG. P. Bosnyatsky, A. I. Gritsenko, A. D. Sedykh _g[Transl. from Russ. by N. N. Ganykin] _zrus |
|
| 210 |
_aΜ. _cHuka-5 _d1993 |
||
| 215 |
_a78 с. _d20 см |
||
| 300 | _aНа обл. авт. не указаны | ||
| 300 | _aНа тит. л. авт. также на рус. яз.: Г. П. Босняцкий, А. И. Гриценко, А. Д. Седых | ||
| 320 | _aБиблиогр.: с. 78 | ||
| 510 | 1 |
_aПроблемы экологического мониторинга в газовой промышленности _zrus |
|
| 700 | 1 |
_9z01790 _aBosnjackij _bG. P. _gGeorgij Petrovič _4070 |
|
| 701 | 1 |
_9z02790 _aGricenko _bA. I. _gAleksandr Ivanovič _4070 |
|
| 701 | 1 |
_9z03790 _aSedych _bA. D. _gAleksandr Dmitrievič _4070 |
|
| 790 | 1 |
_9z01700 _aBosnyatsky _bG. P. _4070 |
|
| 790 | 1 |
_9z02701 _aGritsenko _bA. I. _4070 |
|
| 790 | 1 |
_9z03701 _aSedykh _bA. D. _4070 |
|
| 801 | 1 |
_aRU _bNLR _c20091029 |
|
| 801 | 0 |
_aRU _bNLR _gPSBO |
|
| 852 |
_aNLR _jТ27 Д-4/47 |
||
| 942 | _cBOOK | ||
| 980 | _aNB | ||